banner-ar

CREATING THE BUILT ENVIRONMENT: AN INTRODUCTION TO THE PRACTICOLITIES OF DESIGNING, CONSTRUCTING AND OWING BUILDINGS / (Record no. 15980)

MARC details
000 -الفاتح
حقل البيانات ثابتة الطول 00536nam a2200181Ia 4500
008 - عناصر البيانات ثابتة الطول - معلومات عامة
حقل البيانات ثابتة الطول 140319s9999 xx 000 0 eng d
040 ## - مصدر الفهرسة
وكالة الفهرسة الأصلية GCL /
وكالة النسخ GCL
082 04 - رقم تصنيف ديوى العشرى
رقم التصنيف 690
رقم المادة H C
100 1# - المدخل الرئيسى - إسم شخصى
الإسم الشخصى HOLES, LESLIE
245 10 - بيان العنوان
العنوان CREATING THE BUILT ENVIRONMENT: AN INTRODUCTION TO THE PRACTICOLITIES OF DESIGNING, CONSTRUCTING AND OWING BUILDINGS /
بيان المسئوليه,etc HOLES, LESLIE
300 ## - الوصف المادى
التعداد 411 P
650 04 - المدخل الاضافى بالموضوع-مصطلح موضوعى
مصطلح موضوعي BUILDINGS
650 04 - المدخل الاضافى بالموضوع-مصطلح موضوعى
مصطلح موضوعي ARCHITECTURE
650 04 - المدخل الاضافى بالموضوع-مصطلح موضوعى
مصطلح موضوعي STRUCTURAL ENGINEERING
942 ## - عناصر المدخل الإضافي( كوها)
مصدر التصنيف او مخطط الترفيف Dewey Decimal Classification
Koha [default] item type كتاب
260 ## - PUBLICATION, DISTRIBUTION, ETC. (IMPRINT)
-- [S.N] :
-- E & FN SPON
Holdings
حالة التراجع حالة الفقد حالة تلف ليس للاعارة المكان المؤقت الموقع الحالى تاريخ الاكتساب اجمالي اﻻعارات رقم الطلب الباركود تاريخ اخر مشاهدة تاريخ تفعيل السعر نوع وعاء كوها
        مكتبة القاهرة الكبرى مكتبة القاهرة الكبرى 03/26/2014   690\H C 29293 03/26/2014 03/26/2014 كتاب

Powered By

EGPV